[Event "Amber-rapid 02nd"]
[Site "Monte Carlo"]
[Date "1993.04.03"]
[Round "8"]
[White "Ljubojevic, Ljubomir"]
[Black "Polgar, Judit"]
[Result "1-0"]
[WhiteElo "2605"]
[BlackElo "2595"]
[PlyCount "123"]
[EventDate "1993.03.26"]
[EventType "tourn (rapid)"]
[EventRounds "11"]
[EventCountry "MNC"]
[EventCategory "15"]
[SourceTitle "CBM 034 Extra"]
[Source "ChessBase"]
[SourceDate "1993.07.01"]
[SourceVersion "1"]
[SourceVersionDate "1993.07.01"]
[SourceQuality "1"]

1. e4 c5 2. Nf3 e6 3. d3 Nc6 4. g3 g6 5. Bg2 Bg7 6. O-O Nge7 7. Re1 O-O 8. c3 d5 9. e5 d4 10. c4 Qc7 11. Qe2 ({RR} 11. Bf4 b6 12. Nbd2 Bb7 13. h4 Rad8 14. Ne4 Nxe5 15. Nxe5 Bxe5 16. Nf6+ Kg7 17. Bxe5 {1-0 (17) Vujosevic,V (2335)-Koljevic,N (1974) Podgorica MNE 2024}) 11... h6 12. h4 Rb8 $146 ({RR} 12... a6 13. Bf4 b5 14. b3 b4 15. Nh2 Bb7 16. Ng4 Kh7 17. Nf6+ Kh8 18. Nd2 Ng8 19. Nf3 Qe7 20. Ne4 Nd8 21. Nh2 Bc6 22. Ng4 Nb7 23. Ngf6 Bxe4 24. Bxe4 Nxf6 25. exf6 Bxf6 26. Bxh6 Bg7 27. Bg5 {Artsiomau,S (1886)-Stsepkina,Y (1603) Minsk 2018 1-0 (33)}) ({RR} 12... b6 13. Bf4 Bb7 14. Nbd2 a6 15. Ne4 Nb8 16. Qd2 Bxe4 17. Rxe4 Kh7 18. Nh2 Nd7 19. Ng4 h5 20. Nf6+ Kh8 21. Qe2 Ng8 22. Nxh5 Qa7 23. Nxg7 Kxg7 24. h5 Ne7 25. Bg5 Rae8 26. Bxe7 Rxe7 27. hxg6 {Arruda,W (2071)-Panesso,O Bogota 2004 1-0 (43)}) 13. Bf4 b5 14. b3 bxc4 15. dxc4 Nb4 16. Qd2 h5 17. Na3 Bd7 18. Ng5 Bc6 19. Bxc6 Nexc6 20. Nb5 Qe7 21. a3 Na6 22. Rab1 Nc7 23. Nxc7 Qxc7 24. b4 cxb4 25. axb4 Rfd8 26. b5 Ne7 27. Qd3 Nf5 28. Ne4 Kh8 29. Ra1 Bf8 30. Ra4 Bc5 31. Rea1 Bb6 32. Rc1 Bc5 33. Ra6 Be7 34. Rca1 Rb7 35. Rc6 Qd7 36. Nd6 Bxd6 37. exd6 f6 38. Rc7 Rxc7 39. dxc7 Re8 40. Rxa7 e5 41. Qe4 Ne7 42. b6 exf4 43. c8=Q Qxc8 44. Rxe7 Rxe7 45. Qxe7 fxg3 46. Qxf6+ Kh7 47. Qf7+ Kh8 48. Qf6+ Kh7 49. Qxd4 gxf2+ 50. Kxf2 Qf5+ 51. Ke3 Qh3+ 52. Kd2 g5 53. Qe4+ Kg7 54. Qe7+ Kh8 55. Qf6+ Kh7 56. Qf7+ Kh6 57. Qf6+ Kh7 58. Qxg5 Qh2+ 59. Kc3 Qe2 60. Qf5+ Kg7 61. Qd7+ Kh6 62. Qd2+ 1-0

[Event "New York op"]
[Site "New York"]
[Date "1993.??.??"]
[Round "6"]
[White "Kaidanov, Gregory S"]
[Black "Zapata, Alonso"]
[Result "1-0"]
[WhiteElo "2620"]
[BlackElo "2580"]
[PlyCount "56"]
[EventDate "1993.04.07"]
[EventType "swiss"]
[EventRounds "9"]
[EventCountry "USA"]
[SourceTitle "TD"]
[Source "ChessBase"]
[SourceDate "1994.03.01"]
[SourceVersion "1"]
[SourceVersionDate "1994.03.01"]
[SourceQuality "1"]

1. e4 c5 2. Nf3 e6 3. d3 d5 4. Nbd2 Nc6 5. g3 g6 6. Bg2 Bg7 7. O-O Nge7 8. Re1 b6 9. c3 a5 10. a4 Ba6 11. exd5 ({RR} 11. Qc2 h6 12. exd5 Nxd5 13. Nc4 O-O 14. Bd2 Rc8 15. Rad1 Qe7 16. Ne3 Nxe3 17. Bxe3 Rfd8 18. h4 Rd7 19. Nh2 Ne5 20. d4 cxd4 21. Bxd4 Nc4 22. Bxg7 Kxg7 23. Rxd7 Qxd7 24. Ng4 Rd8 25. Bf1 h5 {Idnani,T (1993)-Mohammad,F (2197) chess.com INT 2024 1-0 (38)}) 11... Nxd5 12. Nc4 ({RR} 12. Bf1 O-O 13. Qb3 Qc7 14. Nc4 h6 15. Bd2 Rad8 16. Rad1 Bb7 17. Bg2 Ba8 18. Bc1 Rd7 19. Nfd2 Rb8 20. Na3 Qd8 21. Ndc4 g5 22. Nb5 Nde7 23. Qc2 Ng6 24. Qe2 Nce7 25. Be4 Bd5 26. Bxd5 Nxd5 {Torre,E (2565)-Zapata,A (2490) New York 1989 ½-½ (49)}) 12... O-O 13. h4 $146 ({RR} 13. Qb3 Qc7 14. Bd2 Rfd8 15. Rad1 Rd7 16. h4 h6 17. Bc1 Rad8 18. Bd2 Qb8 19. Bc1 Qc7 20. Bd2 {½-½ (20) Martinovic,S (2460)-Perunovic,M (2480) Budva 2002}) ({RR} 13. Qe2 Ra7 14. Bg5 Qb8 15. Rad1 Rd7 16. h4 h6 17. Bd2 Rfd8 18. h5 g5 19. Nxg5 hxg5 20. Bxg5 Bxc4 21. dxc4 Nde7 22. Rxd7 Rxd7 23. h6 Qe5 24. Bxe7 Qxe2 25. Rxe2 Nxe7 26. hxg7 Rd1+ 27. Kh2 Kxg7 {Antunes,A (2465)-Zapata,A (2515) Seville 1992 0-1 (53)}) 13... Qc7 14. h5 Rad8 15. Qe2 Rfe8 16. hxg6 hxg6 17. Ng5 e5 18. Qe4 Bb7 19. Qh4 Nf6 20. Ne4 Nh7 21. g4 Rxd3 22. Bf1 Rd7 23. Re3 Nd8 24. Rh3 Bxe4 25. Qxh7+ Kf8 26. Bh6 f6 27. Re1 Qb7 28. g5 fxg5 1-0

[Event "WchT 3rd"]
[Site "Luzern"]
[Date "1993.??.??"]
[Round "3.1"]
[White "Vaganian, Rafael A"]
[Black "Xu, Jun"]
[Result "1-0"]
[WhiteElo "2615"]
[BlackElo "2535"]
[Annotator "Horn,Peter"]
[PlyCount "103"]
[EventDate "1993.10.24"]
[EventType "team-tourn"]
[EventRounds "9"]
[EventCountry "SUI"]
[SourceTitle "CBM 038"]
[Source "ChessBase"]
[SourceDate "1994.02.01"]
[SourceVersion "1"]
[SourceVersionDate "1994.02.01"]
[SourceQuality "1"]
[WhiteTeam "Armenia"]
[BlackTeam "China"]
[WhiteTeamCountry "ARM"]
[BlackTeamCountry "CHN"]

1. Nf3 d5 2. g3 c5 3. Bg2 g6 4. c4 d4 5. b4 cxb4 6. a3 (6. Qa4+ Bd7 7. Qxb4 Nc6 $10 {Benkö-Kortschnoj/Curacao ct/1962}) 6... b3 $146 (6... bxa3 7. Bxa3 Bg7 8. d3 Nc6 9. O-O Nh6 10. Nbd2 O-O 11. Qc2 (11. Ne1 Bd7 12. Nc2 Qc8 13. Nb4 Nxb4 14. Bxb4 Re8 15. Ra2 Bh3 16. Qa4 $44 {Larsen-Portisch/Palma de Mallorca izt/1970}) (11. Qb3 Qc7 12. Rfb1 Rb8 13. Ne1 Bg4 14. Ndf3 Rfc8 15. Nc2 {remis/Simic-Djukic/JUG-chT/1989}) 11... Nf5 12. Rfb1 Qc7 13. Ne4 h5 14. Ne1 h4 15. Qd1 hxg3 16. hxg3 Rb8 17. Bc1 e5 18. Qa4 Nfe7 19. Qa3 $44 {Tatai-Zichichi/Reggio d'Emilia/1984}) 7. d3 Bg7 8. Nbd2 Nc6 9. O-O Nf6 10. a4 $146 ({RR} 10. Nxb3 O-O 11. a4 Ne8 12. a5 Nc7 13. Nfd2 Na6 14. Ne4 Rb8 15. Ba3 Re8 16. Qd2 h5 17. Rfb1 Kh7 18. Nec5 Nxc5 19. Nxc5 Qc7 20. Qf4 e5 21. Qf3 f5 22. Na6 bxa6 23. Qxc6 Rxb1+ 24. Rxb1 Qxc6 {Spiridonov,N (2400)-Derieux,C (2172) Cannes 2000 1-0}) ({RR} 10. Nxb3 O-O 11. a4 a5 12. Ba3 Re8 13. Rb1 e5 14. Ng5 h6 15. Ne4 Nxe4 16. Bxe4 Qc7 17. Nd2 Bf8 18. c5 Nb4 19. Bxb4 axb4 20. Rxb4 Bxc5 21. Qc2 Qe7 22. Rb5 Bd6 23. Nc4 Ra7 24. Rfb1 Kg7 {Jakovenko,D (2704)-Volkov,S (2624) Khanty-Mansiysk 2016 1-0 (53)}) 10... O-O 11. Ba3 Re8 12. Qxb3 (12. Nxb3 $5) 12... Qc7 13. Rfb1 Rb8 14. Qc2 h6 (14... b6 $14) 15. Nb3 e5 16. Nfd2 Bf8 $6 (16... Bg4 $5) 17. Bxf8 Kxf8 18. a5 $16 Kg7 19. Qb2 Nd8 $6 (19... b6 $16) 20. Qa3 Ne6 21. c5 Rd8 22. Nc4 Nd5 (22... Ne8 $5 $16) 23. Re1 Nc3 24. e3 Bd7 (24... dxe3 25. Rxe3 f6 26. Nd6 $16) 25. exd4 exd4 26. Ne5 Nb5 27. Qb4 a6 $2 (27... Bc6) 28. Qc4 $1 {×e6,f7} Be8 (28... Bc6 29. Bxc6 bxc6 30. Nxf7 $18) 29. Bd5 $18 Rxd5 (29... Ng5 30. f4 Nh7 31. Nxd4 $18) 30. Qxd5 Rd8 31. Qc4 Bc6 32. Nxc6 Qxc6 { g5} 33. f4 Rd5 34. Ra2 g5 (34... Nxc5 35. Re7) 35. Rg2 gxf4 36. gxf4+ Kf8 37. Re4 Rf5 38. Rf2 h5 39. h3 h4 40. Re5 Rxe5 41. fxe5 Ng5 42. Rf6 Qd7 43. Qc1 Nxh3+ 44. Kh2 Qg4 45. Qf1 Qg3+ 46. Kh1 Ng5 47. e6 Qc7 48. exf7 Qe7 49. Qf2 h3 50. Rh6 Qe5 51. Nd2 Nc3 52. Qf6 1-0

[Event "Elgoibar 03rd"]
[Site "Elgoibar"]
[Date "1993.??.??"]
[Round "8"]
[White "Ubilava, Elizbar"]
[Black "Suba, Mihai"]
[Result "1-0"]
[WhiteElo "2530"]
[BlackElo "2500"]
[PlyCount "131"]
[EventDate "1993.11.??"]
[EventType "tourn"]
[EventRounds "9"]
[EventCountry "ESP"]
[EventCategory "5"]
[SourceTitle "EXT 1999"]
[Source "ChessBase"]
[SourceDate "1998.11.16"]
[SourceVersion "1"]
[SourceVersionDate "1998.11.16"]
[SourceQuality "1"]

1. Nf3 c5 2. g3 b6 3. Bg2 Bb7 4. O-O Nf6 5. d3 g6 6. e4 d6 7. Nh4 Nc6 ({RR} 7... Qc7 8. Nc3 Bg7 9. f4 O-O 10. g4 a6 11. a4 Nc6 12. g5 Nd7 13. Nd5 Qd8 14. c3 e6 15. Ne3 b5 16. Ng4 f5 17. gxf6 Nxf6 18. Nxf6+ Qxf6 19. axb5 axb5 20. Rxa8 Rxa8 21. Nf3 b4 22. Bd2 {Ghasi,A (2485)-Assylov,M (2270) chess.com INT 2024 ½-½ (59)}) 8. f4 Bg7 9. Nc3 Qd7 $146 ({RR} 9... Nd7 10. Be3 Nd4 11. Qd2 b5 12. Nd1 O-O 13. c3 Nc6 14. Nf2 b4 15. f5 bxc3 16. bxc3 Qa5 17. Rac1 Nce5 18. Bh6 Nf6 19. h3 e6 20. g4 exf5 21. Bxg7 Kxg7 22. Qg5 Qd8 23. Nxf5+ Kh8 24. Ne3 {Weber,U (2254)-Rozentalis,E (2570) Bad Wiessee 2000 0-1 (60)}) ({RR} 9... a6 10. Kh1 e6 11. f5 Nd4 12. Bg5 O-O 13. Qd2 Qc7 14. Nd1 exf5 15. exf5 Rae8 16. Ne3 h6 17. Bxf6 Bxf6 18. c3 Bg5 19. Rae1 Bxg2+ 20. Qxg2 Rxe3 21. cxd4 Rxe1 22. Rxe1 Kg7 23. Qe4 d5 24. Qg4 {Stukopin,A (2568)-Azarov,S (2589) Greensboro 2019 0-1 (33)}) ({RR} 9... O-O 10. g4 Nd7 11. Nf3 Nd4 12. Ne2 Nxf3+ 13. Bxf3 b5 14. g5 b4 15. h4 a5 16. Rb1 a4 17. h5 Qc7 18. c4 bxc3 19. bxc3 Rfb8 20. Be3 Bc6 21. Qc2 Rxb1 22. Rxb1 Rb8 23. Kf2 Rb7 24. Rxb7 {Schwabeneder,F (2440)-Blohberger,F (2469) Austria 2021 ½-½ (56)}) 10. f5 Nd4 11. g4 O-O-O 12. g5 Ne8 13. Nd5 gxf5 14. c3 fxe4 15. dxe4 e6 16. cxd4 exd5 17. dxc5 dxc5 18. Nf5 Be5 19. exd5 Nd6 20. Nh6 Kb8 21. Bf4 Rhe8 22. Qd2 Ka8 23. Bxe5 Rxe5 24. Rae1 Rxe1 25. Rxe1 Re8 26. Kf2 a5 27. Qf4 Rxe1 28. Kxe1 Qe7+ 29. Kf2 c4 30. h4 b5 31. Qd4 Qc7 32. Ng4 Nf5 33. Qe5 Qc5+ 34. Ne3 Nd6 35. Qh8+ Ka7 36. Ke2 b4 37. Qe5 Nb5 38. Be4 c3 39. bxc3 Nxc3+ 40. Kf3 a4 41. h5 a3 42. Kf4 Ne2+ 43. Kf3 Nd4+ 44. Kf2 b3 45. Bb1 Qc3 46. Qe7 Nb5 47. axb3 Qb2+ 48. Kg3 Qxb1 49. Qc5+ Kb8 50. Qxb5 Qe4 51. Qb6 Qe5+ 52. Kf2 Qc7 53. Qf6 a2 54. d6 Qa5 55. Qh8+ Ka7 56. Qd4+ Ka8 57. d7 a1=Q 58. d8=Q+ Qxd8 59. Qxa1+ Kb8 60. Qe5+ Ka8 61. Nc4 Qd1 62. Qe8+ Ka7 63. Qe3+ Ka8 64. h6 Bc6 65. Qc3 Qh5 66. Qa5+ 1-0

[Event "Tilburg rapid20"]
[Site "Tilburg"]
[Date "1993.??.??"]
[Round "4"]
[White "Vaganian, Rafael A"]
[Black "Dreev, Alexey"]
[Result "1-0"]
[WhiteElo "2615"]
[BlackElo "2570"]
[Annotator "Horn,Peter"]
[PlyCount "67"]
[EventDate "1993.11.??"]
[EventType "k.o. (rapid)"]
[EventRounds "7"]
[EventCountry "NED"]
[SourceTitle "CBM 039"]
[Source "ChessBase"]
[SourceDate "1994.04.01"]
[SourceVersion "1"]
[SourceVersionDate "1994.04.01"]
[SourceQuality "1"]

1. Nf3 d5 2. g3 c6 3. Bg2 Nf6 4. O-O Bf5 5. d3 Nbd7 $6 (5... h6 6. Nbd2 e6) 6. Nbd2 e6 (6... e5 7. Re1 (7. Qe1 Bc5 8. e4 dxe4 9. dxe4 Bg6 10. Nc4 Qe7 11. Nh4 O-O 12. a4 Qe6 13. b3 Rfd8 14. Bb2 b5 15. Na5 Bb6 16. Nf5 bxa4 17. bxa4 {Vaganian,R-Nikolic,Pr/Leningrad/1987}) (7. e4 dxe4 8. dxe4 Nxe4 9. Re1 Nxd2 10. Nxe5 Nxe5 11. Rxe5+ Be6 12. Bxd2 Bd6 $10 {Bjarnason-Thorhallsson/Reykjavik/1989}) 7... Be7 8. e4 dxe4 9. dxe4 Bg6 10. b3 O-O 11. Bb2 Bc5 12. Qe2 Re8 13. h3 Qc7 14. Nh4 Bh5 15. Bf3 Bxf3 16. Ndxf3 b5 17. a4 {remis/Shneider-Drasko/Belgrad/1988}) 7. Qe1 h6 ({RR} 7... Bg6 8. e4 Qc7 9. h3 Bc5 10. e5 Ng8 11. d4 Bb6 12. Qd1 c5 13. c4 Ne7 14. b3 cxd4 15. Ba3 Bc5 16. Qc1 dxc4 17. Nxc4 O-O 18. Nxd4 Bxd4 19. Bxe7 Bxa1 20. Qxa1 Nb6 21. Bd6 Qd7 22. Nxb6 {Andreikin,D (2729)-Adewumi,T (2302) Chess.com INT 2022 1-0 (37)}) ({RR} 7... Bg6 8. e4 dxe4 9. dxe4 e5 10. Nh4 Bc5 11. Nb3 Bb6 12. a4 a5 13. Be3 Bxe3 14. Qxe3 Qe7 15. Rfd1 O-O 16. Nxg6 hxg6 17. Bf1 Rfd8 18. f3 Qb4 19. Qd2 Qb6+ 20. Qf2 Qb4 21. Nd2 b5 22. b3 {Piesik,P (2423)-Garv,G (2388) chess.com INT 2024 1-0 (56)}) 8. e4 Bh7 9. Qe2 Qc7 $146 (9... Be7 $2 10. e5 $1 $16) (9... dxe4 10. dxe4 Be7 11. e5 $1 Nd5 12. Ne4 Nc5 13. Nxc5 Bxc5 14. Nd2 Qc7 15. a3 O-O {Reshevsky-Smyslov/1970} 16. Kh1 $1 $16) ({RR} 9... Be7 10. e5 Ng8 11. Nb3 Bf8 12. c4 Ne7 13. Nbd4 Nf5 14. Nxf5 Bxf5 15. cxd5 cxd5 16. d4 a5 17. Be3 Be7 18. Rfc1 O-O 19. Qb5 a4 20. Nd2 Ra7 21. Nb1 Nb8 22. a3 Nc6 23. Nc3 Qa5 24. Bf1 {Benko,P-Petrosian,T Curacao 1962 0-1 (43)}) ({RR} 9... Bc5 10. b3 O-O 11. Bb2 a5 12. a3 a4 13. b4 Be7 14. Rae1 b5 15. e5 Ne8 16. Nd4 Qb6 17. c4 bxc4 18. dxc4 Nc7 19. cxd5 cxd5 20. Rc1 Rac8 21. Rc6 Qb7 22. Rfc1 Nb8 23. R6c3 Nca6 24. Rxc8 {Holyon,R-Popel,S Milwaukee 1971 1-0 (67)}) 10. b3 (10. e5 Ng4 11. Re1 h5) 10... dxe4 11. dxe4 Nc5 12. Nd4 Be7 13. Bb2 O-O 14. f4 a5 15. Kh1 (15. a4 $5) 15... a4 16. f5 exf5 17. Nxf5 (17. exf5 {ץh7} a3 $1 18. Bc3 (18. Bc1 Nd5 $132) 18... Nd5 19. Bxd5 cxd5 $132) 17... Bxf5 18. Rxf5 Ne6 (18... a3 19. Bc3 $14 (19. Bxf6 Bxf6 20. Rxf6 (20. Rxc5 $2 Bxa1) (20. Raf1) 20... gxf6 21. Qg4+ Kh8 (21... Kh7 22. Qf5+ Kg7 23. Qxc5 $18) 22. Qh5 Qe5 23. Qxh6+ Kg8 24. Rf1 Qg5 25. Qxf6 Qxf6 (25... Qxd2 26. Rf4 $18) 26. Rxf6 $13)) 19. Nc4 axb3 20. cxb3 Rad8 21. Rff1 { e5} Nd4 $6 22. Qf2 Bc5 $2 (22... Ne6 23. Be5 Qd7 (23... Qc8 24. Nb6 $18)) 23. e5 $1 Ng4 (23... Nxb3 $2 24. Qf5 Nxa1 25. exf6 $18) (23... Nh7 24. b4 Ba7 (24... Bb6 25. Nxb6 Qxb6 26. Rad1 $18) 25. Nd6 Nb5 26. Nxb5 Bxf2 27. Nxc7 Bb6 28. e6 $18) 24. Qf4 b5 25. b4 Ba7 (25... Bxb4 $2 26. Qxg4 bxc4 27. Bxd4 $18) 26. Nd6 (26. Qxg4 bxc4 27. Rac1 (27. Rf6 $2 h5 28. Qg5 Ne6 $19) 27... Qxe5 28. Rxc4 $16) (26. Na5 Nxe5 27. Rad1 c5 $8 28. Bxd4 (28. Nb3 Ndc6 29. Nxc5) (28. Nb7 Rb8 (28... Rd7 29. Nxc5 Bxc5 30. bxc5 Ndc6 31. Rxd7 $18) 29. Nxc5 Bxc5 30. bxc5 Ndc6 $16) 28... Rxd4 29. Rxd4 cxd4 30. Nc6 Re8 31. Re1 Bb8 32. Nxb8 Qxb8 33. Bd5 Re7 34. Qxd4 $16) 26... Nxe5 27. Nf5 Nxf5 28. Bxe5 Nd6 29. Rac1 Bb8 30. Bxc6 Qa7 31. Bd5 Qe7 32. Rfe1 Qd7 $2 (32... Qg5 33. Qxg5 hxg5 34. Bc6 f6 35. Ba1 $16) 33. Bc6 Qh3 34. Rcd1 (34. Rcd1 Nc4 35. Rxd8 Rxd8 36. Bxb8 $18) 1-0

[Event "Bonn GSK"]
[Site "Bonn"]
[Date "1994.??.??"]
[Round "7"]
[White "Kengis, Edvins"]
[Black "Dokhoian, Yury"]
[Result "1-0"]
[WhiteElo "2565"]
[BlackElo "2590"]
[Annotator "Von Gleich,Alexander"]
[PlyCount "109"]
[EventDate "1994.??.??"]
[EventType "tourn"]
[EventRounds "9"]
[EventCountry "GER"]
[EventCategory "12"]
[SourceTitle "CBM 040"]
[Source "ChessBase"]
[SourceDate "1994.06.01"]
[SourceVersion "1"]
[SourceVersionDate "1994.06.01"]
[SourceQuality "1"]

1. Nf3 {Horn,Pe} d5 2. g3 c5 3. Bg2 Nc6 4. O-O e5 5. d3 Be7 6. e4 d4 7. a4 Bg4 8. h3 $6 (8. Na3 Qd7 9. Qe1) 8... Be6 9. Na3 Qd7 10. Nc4 f6 11. Kh2 $6 (11. Nh4 Bxh3 $2 (11... Bd8 12. Nf5 Bc7 13. f4 $14) (11... g6 12. f4 $1 { f4-f5}) (11... g5 {Horn,Pe} 12. Nf5 Bxf5 13. exf5 Qxf5 14. f4 $44) 12. Qh5+ Kd8 (12... g6 {Horn,Pe} 13. Nxg6 $18) 13. Ng6 Bg4 14. Qh2 $18) (11. Ne1 {Horn,Pe} O-O-O $13 (11... Bxh3 $4 12. Qh5+ $18)) ({RR} 11. a5 Bd8 12. Bd2 Nge7 13. Nh2 O-O 14. h4 Bc7 15. Bf3 b5 16. axb6 axb6 17. Rxa8 Rxa8 18. Na3 Nd8 19. Bg4 b5 20. Bxe6+ Nxe6 21. Qg4 Rb8 22. f4 exf4 23. gxf4 Nf8 24. f5 Nfg6 25. Kh1 Ne5 {Loginov,V (2355)-Dokhoian,Y (2525) Sverdlovsk 1987 0-1 (51)}) 11... Bd8 $146 ({RR} 11... g5 12. Ng1 h5 13. f4 exf4 14. gxf4 O-O-O 15. b3 Nh6 16. Ne2 Rdg8 17. a5 g4 18. f5 Bxc4 19. bxc4 gxh3 20. Bxh3 Ng4+ 21. Bxg4 Bd6+ 22. Bf4 Rxg4 23. a6 Rh4+ 24. Kg2 Rg8+ 25. Kf3 Bxf4 26. Nxf4 {Pedersen,C (2280)-Psakhis,L (2566) Copenhagen 2001 0-1}) 12. Ne1 $6 (12. Nh4 $1 {Horn,Pe Kengis}) 12... Bc7 13. f4 exf4 14. Bxf4 (14. gxf4 {Horn,Pe} g5) 14... O-O-O $6 (14... h5 $1 $17 {nimmt der weißen Dame das Feld h5, Schwarz der h5-h4 droht , steht klar besser; Horn,Pe, Kengis}) 15. Qh5 $1 g5 16. Bxc7 Qxc7 17. e5 $1 Nxe5 (17... Bxc4 $6 18. dxc4 Nxe5 19. b3 { e1-d3. Weiß hat Kompensation für den Bauern, da er die Diagonale h1-a8 und die halboffene f-Linie beherrscht, und der g8 sich nur schwerlich entwickeln kann.}) 18. Nxe5 Qxe5 (18... fxe5 $2 {Horn,Pe} 19. Qxg5 $16) 19. Nf3 Qc7 (19... Qe3 $4 {Horn,Pe} 20. Rae1 $18) 20. Nd2 Bf7 (20... Bd5 {Horn,Pe} 21. Bxd5 Rxd5 22. Qe8+ Rd8 23. Qe6+ Kb8 24. Ne4 $44) (20... h6 {Horn,Pe} 21. Rae1 Bf7 22. Qg4+ $44) 21. Qf3 Bd5 $6 (21... h5 $1 {Horn,Pe  h4 Kengis}) 22. Ne4 $2 (22. Qg4+ Kb8 23. Bxd5 Rxd5 24. Ne4 $44 {Horn,Pe Kengis} f5 $2 25. Qxg5 $1 $18 (25. Rxf5 $4 Nh6 $19)) 22... h5 23. Kg1 Rh7 24. Rae1 (24. Qf5+ $5 {Horn,Pe} Kb8 $1 (24... Qd7 25. Nxc5 (25. Nxf6 Nxf6 (25... Qxf5 26. Rxf5 Nxf6 27. Rxf6 Bxg2 28. Kxg2 Rd5 29. Re1 $16) 26. Qxf6 Bxg2 27. Kxg2 Qd5+ 28. Kh2 Re8) 25... Qxf5 26. Rxf5 Bxg2 27. Kxg2 Rc7 (27... Ne7 28. Rxf6 Nd5)) 25. Nxf6 $2 (25. Rae1 {->game}) 25... Nxf6 26. Qxf6 Rf7 27. Qxg5 (27. Qg6 Qxg3 $19) 27... Rg7 28. Qf4 Rxg3 $19) 24... Kb8 25. Qf5 $5 {Weiß spekuliert auf die Zeitnot des Gegners und verkompliziert die Lage.} (25. Qf2 $1 Rf7 26. c3 dxc3 27. bxc3 Bxe4 28. Rxe4 Rxd3 29. Re8+ Rd8 30. Rxd8+ Qxd8 31. Qxc5 $44) 25... Rf7 (25... Bxe4 {Horn,Pe} 26. Rxe4 (26. Qxe4 Re7) 26... Re7 $13) (25... Re7 {Horn,Pe} 26. Nxf6) 26. Qg6 Ne7 $2 (26... h4 $17 27. gxh4 (27. g4 {Horn,Pe} Ne7 28. Qh6 f5 (28... Ng8 29. Qg6 Ne7 $10) 29. gxf5 (29. Nxg5 Qg3 30. Nf3 (30. Rf2 Bxg2) 30... fxg4 $19) 29... Nxf5 30. Qg6 Ne3 31. Rxf7 Bxf7 $17) 27... gxh4 28. Kh1 Ne7 29. Qh5 Rg8 {Schwarz hat den Mehrbauern und den Angriff !}) (26... Rg7 $1 {Horn,Pe} 27. Qxh5 Bxe4 28. Rxe4 Qxg3 $13) 27. Qxh5 f5 28. Kh2 (28. Nxg5 $2 {Horn,Pe} Qxg3 29. Rf2 Rg7 $19) 28... g4 $2 (28... f4 $1 29. Nxg5 (29. Kg1 Nf5) (29. gxf4 gxf4 $17 (29... Rxf4 $2 30. Rxf4 Qxf4+ 31. Kg1 $10)) 29... fxg3+ 30. Kg1 Rxf1+ 31. Rxf1 (31. Bxf1 g2 32. Bxg2 Qg3 (32... Qg3 33. Re2 Rg8 34. Ne4 Bxe4 35. dxe4 Ng6 $17)) 31... Bxg2 32. Kxg2 (32. Ne6 Qd6) 32... Nd5 33. Ne6 Ne3+ 34. Kg1 Qc6 35. Qe5+ Kc8 36. Rf3 Re8 37. Qxc5 Rxe6 38. Rf8+ Kd7 $17 {Horn,Pe Kengis} 39. Rf7+ Kd8 40. Rf8+ (40. Qxa7 Qg2#) 40... Re8 41. Rxe8+ Qxe8 42. Qxd4+ Kc8) (28... Rg7 $2 {Horn,Pe} 29. Nxg5 Bxg2 30. Kxg2 Rdg8 31. h4 $16) 29. Ng5 $1 Rf6 30. Bxd5 Nxd5 31. Ne6 Qa5 (31... Rxe6 32. Rxe6 Ne3 33. Rxf5 $1 $16 Nxf5 34. Qxf5) 32. Nxd8 Qd2+ 33. Kg1 (33. Kh1 $1 Rh6 34. Re8 $1 Rxh5 35. Ne6#) 33... Ne3 34. Rxe3 Qxe3+ 35. Kg2 Qe2+ (35... Qd2+ {Horn,Pe} 36. Rf2 $1 gxh3+ 37. Qxh3) 36. Kg1 Qe3+ 37. Kg2 Qe2+ 38. Rf2 gxh3+ 39. Qxh3 Qe7 40. Qh4 (40. Qh8 {Horn,Pe} Rf8) 40... Kc8 (40... Qxd8 41. Rxf5 {Horn,Pe} Rf8 42. Qxd8+ Rxd8 43. Rxc5 $18) 41. Qg5 Kxd8 42. Rxf5 Rxf5 43. Qxf5 Qe2+ 44. Qf2 Qd1 45. Qf8+ Kd7 46. Qxc5 Qe2+ 47. Kh3 Qf1+ 48. Kh4 Qh1+ 49. Kg5 Qc1+ 50. Kg6 Qxb2 51. Qb5+ Qxb5 52. axb5 a5 53. bxa6 bxa6 54. Kf5 Kd6 55. Ke4 (55. Ke4 Kc5 56. g4 a5 57. g5 a4 58. g6 a3 59. g7 a2 60. g8=Q a1=Q 61. Qc4+ (61. Qd5+ {Horn,Pe} Kb4 62. Qxd4+ $18) 61... Kb6 62. Qxd4+) 1-0

[Event "YUG-ch"]
[Site "Tivat"]
[Date "1994.??.??"]
[Round "1"]
[White "Lazic, Miroljub"]
[Black "Drasko, Milan"]
[Result "1-0"]
[WhiteElo "2505"]
[BlackElo "2545"]
[PlyCount "107"]
[EventDate "1994.03.??"]
[EventType "tourn"]
[EventRounds "13"]
[EventCountry "YUG"]
[EventCategory "10"]
[SourceTitle "CBM 043"]
[Source "ChessBase"]
[SourceDate "1994.12.01"]
[SourceVersion "1"]
[SourceVersionDate "1994.12.01"]
[SourceQuality "1"]

1. g3 d5 2. Bg2 c6 3. d3 e5 4. Nd2 Nf6 5. e4 Bd6 6. Ngf3 Bg4 7. h3 Bh5 8. O-O O-O 9. Qe1 Re8 10. Nh4 Nbd7 11. Nb3 dxe4 12. dxe4 a5 13. a4 Nc5 14. Qe3 Ne6 $146 ({RR} 14... Nfd7 15. Bf3 Bxf3 16. Qxf3 Nxb3 17. Qxb3 Nc5 18. Qc4 {½-½ (18) Bricard,E (2430)-Berg,K (2385) Debrecen 1992}) ({RR} 14... Nfd7 15. Nf5 Bf8 16. Nxc5 Bxc5 17. Qb3 Qb6 18. Qxb6 Nxb6 19. Be3 Bxe3 20. Nxe3 Rad8 21. Rfb1 Rd4 22. b3 Nd7 23. Nc4 Rxc4 24. bxc4 Nc5 25. f3 Kf8 26. Rd1 Ke7 27. Kf2 f6 28. Ke3 Bf7 29. Bf1 {Zaitsev,V (2425)-Belov,V (2280) Moscow 1998 ½-½ (44)}) 15. Bd2 Qc7 16. Bc3 b6 17. Nf5 Bf8 18. f4 Nd7 19. fxe5 Nxe5 20. g4 Bg6 21. Qg3 f6 22. h4 Bb4 23. Nbd4 Bxc3 24. bxc3 Rad8 25. Nxe6 Rxe6 26. Nd4 Ree8 27. h5 Bf7 28. h6 Bc4 29. Rf2 c5 30. Nf5 g6 31. Ne3 Qe7 32. Bf1 Bf7 33. Bb5 Rf8 34. Raf1 Rd6 35. Qh4 g5 36. Qg3 Be6 37. Kg2 Bc8 38. Kh2 Qd8 39. Bc4+ Nxc4 40. Nxc4 Re6 41. Rd2 Qe8 42. Nd6 Qg6 43. Qh3 Bd7 44. Rb1 Bc6 45. Rxb6 Bxe4 46. Ra6 Bb7 47. Rb6 Ba8 48. Kg1 Rfe8 49. Nxe8 Rxb6 50. Nd6 Rb1+ 51. Kf2 f5 52. Nxf5 Qe6 53. Rd8+ Kf7 54. Nd6+ 1-0

[Event "Amber-blindfold 03rd"]
[Site "Monte Carlo"]
[Date "1994.03.28"]
[Round "3"]
[White "Ljubojevic, Ljubomir"]
[Black "Kramnik, Vladimir"]
[Result "1-0"]
[WhiteElo "2600"]
[BlackElo "2710"]
[PlyCount "77"]
[EventDate "1994.03.26"]
[EventType "tourn (rapid)"]
[EventRounds "11"]
[EventCountry "MNC"]
[EventCategory "16"]
[SourceTitle "CBM 040 Extra"]
[Source "ChessBase"]
[SourceDate "1994.07.01"]
[SourceVersion "1"]
[SourceVersionDate "1994.07.01"]
[SourceQuality "1"]

1. e4 c5 2. Nf3 Nc6 3. g3 Nf6 4. d3 g6 5. Bg2 Bg7 6. O-O d6 7. Re1 Bg4 8. h3 Bxf3 9. Qxf3 O-O 10. c3 Rb8 11. Qd1 Nd7 12. Be3 ({RR} 12. a4 a6 13. Nd2 b5 14. axb5 axb5 15. Nf1 b4 16. Bd2 Nde5 17. Be3 c4 18. dxc4 Nxc4 19. cxb4 Nxb2 20. Qe2 Nxb4 21. Reb1 N4d3 22. Ra7 Nc5 23. h4 Nba4 24. Rxb8 Qxb8 25. Rxe7 Nc3 26. Qc4 Qb1 {Zheenbekov,N (2137)-Hungaski,R (2471) chess.com INT 2024 0-1 (31)}) 12... b5 13. d4 b4 $146 ({RR} 13... Qc7 14. d5 Na5 15. Nd2 b4 16. Qc2 c4 17. Bd4 bxc3 18. Bxc3 Ne5 19. Bf1 Qc5 20. Kg2 Nd3 21. Bxd3 cxd3 22. Qxd3 Bxc3 23. bxc3 Rfc8 24. Re3 Rb2 25. Rf3 Nc4 26. Nxc4 Qxc4 27. Qxc4 Rxc4 28. Re3 {Adly,A (2684)-Jumabayev,R (2591) Pavlodar 2015 0-1 (70)}) ({RR} 13... Qc7 14. d5 Nce5 15. f4 Nc4 16. Bc1 b4 17. Re2 a5 18. Qd3 Ncb6 19. c4 a4 20. Nd2 a3 21. Nf3 Na4 22. Qb3 axb2 23. Bxb2 Bxb2 24. Rxb2 Nxb2 25. Qxb2 Ra8 26. Bf1 Ra3 27. Be2 Qa5 28. Bd1 {Cirlig,I (1816)-Stanciu,I (1829) Calimanesti 2015 0-1 (33)}) 14. e5 bxc3 15. bxc3 Qc7 16. exd6 exd6 17. Na3 Rfc8 18. Rc1 Na5 19. Qa4 a6 20. Rb1 Nc6 21. Rxb8 Ncxb8 22. Rb1 Qd8 23. Nc4 cxd4 24. cxd4 Nf8 25. Nb6 Rc7 26. Nd5 Rc8 27. Rb7 Nfd7 28. Qb3 Nc6 29. Nb6 Na5 30. Rxd7 Nxb3 31. Rxd8+ Rxd8 32. axb3 d5 33. Nxd5 Rb8 34. b4 Bf8 35. Bd2 Rc8 36. Kf1 Rc4 37. Bc3 Bxb4 38. Bxb4 Rxd4 39. Ne7+ 1-0